[Event "SR 2. liga A 2005/2006"]
[Site "?"]
[Date "2005.12.18"]
[Round "33.6"]
[White "Sefcik, Marek"]
[Black "Klanica, Anton"]
[Result "1/2-1/2"]
[WhiteElo "1971"]
[BlackElo "1917"]
[PlyCount "167"]
[EventDate "2005.??.??"]

1. a3 Nf6 2. Nc3 d6 3. Nf3 e5 4. d4 exd4 5. Nxd4 Bd7 6. e4 Nc6 7. Bc4 Be7 8. f3
Nxd4 9. Qxd4 O-O 10. Be3 Be6 11. O-O-O Bxc4 12. Qxc4 c6 13. g4 Qc8 14. h4 Rd8
15. h5 b5 16. Qe2 Qe6 17. g5 Ne8 18. f4 Qc4 19. Qf3 f6 20. Qh3 Nc7 21. Qg3 fxg5
22. h6 g6 23. f5 Qf7 24. Bxg5 Bxg5+ 25. Qxg5 Ne8 26. Rdg1 Qf6 27. fxg6 Qxg5+
28. Rxg5 hxg6 29. h7+ Kh8 30. Rxg6 Ng7 31. Ne2 a5 32. Nd4 Rac8 33. Rhg1 Rd7 34.
Nf5 Rcc7 35. Nxd6 Kxh7 36. Nf5 Nxf5 37. exf5 Rg7 38. Rh1+ Kg8 39. Re6 Rge7 40.
Rg6+ Rg7 41. Re6 Rge7 42. Rhh6 Rxe6 43. Rxe6 Kf7 44. Kd2 Rd7+ 45. Ke3 Rd5 46.
Ke4 Rc5 47. c3 a4 48. Kf4 Kf8 49. Re5 Rc4+ 50. Kg5 Kf7 51. f6 Kg8 52. Re8+ Kf7
53. Re7+ Kf8 54. Rc7 Kg8 55. Kf5 Kf8 56. Ke6 Re4+ 57. Kd6 Re2 58. Kxc6 Rxb2 59.
Kb6 Rb3 60. Ka5 Ke8 61. c4 bxc4 62. Kxa4 Rb6 63. f7+ Kf8 64. Ka5 Rb8 65. a4 c3
66. Rxc3 Kxf7 67. Re3 Ra8+ 68. Kb5 Rb8+ 69. Kc4 Rc8+ 70. Kb5 Ra8 71. Re4 Re8
72. Rd4 Ke7 73. a5 Rd8 74. Rb4 Kd7 75. Ka4 Kc7 76. a6 Rb8 77. Rh4 Kb6 78. Rh6+
Ka7 79. Ka5 Rb1 80. Rh7+ Ka8 81. Rh8+ Ka7 82. Rh7+ Ka8 83. a7 Ra1+ 84. Kb6
1/2-1/2

[Event "SR 2. liga A 2005/2006"]
[Site "?"]
[Date "2005.12.18"]
[Round "33.7"]
[White "Bahna, Jan"]
[Black "Bilovsky, Milan"]
[Result "1-0"]
[WhiteElo "1989"]
[BlackElo "1889"]
[PlyCount "81"]
[EventDate "2005.??.??"]

1. e4 c5 2. Nc3 e6 3. g3 Nc6 4. Bg2 Nf6 5. d3 d5 6. f3 Be7 7. Nh3 b5 8. O-O Qb6
9. Nf4 d4 10. Nce2 O-O 11. Kh1 e5 12. Nh3 Nh5 13. g4 Nf6 14. Ng3 g6 15. Bh6 Rd8
16. Rg1 Bf8 17. Qd2 Bg7 18. Bf1 Ne7 19. Qg5 Kh8 20. Bxg7+ Kxg7 21. Qxe5 Qd6 22.
Qxd6 Rxd6 23. e5 Re6 24. exf6+ Kxf6 25. Ne4+ Kg7 26. Nf4 Re5 27. h4 f5 28. Nd6
Bd7 29. a4 fxg4 30. fxg4 Rf8 31. Nh3 bxa4 32. Ng5 Rf2 33. Nc4 Bc6+ 34. Ne4
Bxe4+ 35. dxe4 Rxe4 36. Bd3 Ref4 37. Rxa4 h5 38. Rxa7 Kf8 39. Ne5 Rd2 40. Rxe7
Rff2 41. Nxg6+ 1-0

[Event "SR 2. liga A 2005/2006"]
[Site "?"]
[Date "2005.12.18"]
[Round "33.8"]
[White "Holiencin, Filip"]
[Black "Sturdik, Igor"]
[Result "0-1"]
[WhiteElo "1625"]
[BlackElo "2028"]
[PlyCount "84"]
[EventDate "2005.??.??"]

1. c4 Nf6 2. Nc3 e6 3. d4 c5 4. Bg5 cxd4 5. Qxd4 Be7 6. Nf3 Nc6 7. Qd2 h6 8.
Bh4 b6 9. e3 Bb7 10. Be2 Rc8 11. Qd1 Na5 12. O-O Nxc4 13. Bxc4 Rxc4 14. Bg3 Rc8
15. Qa4 a6 16. Ne5 O-O 17. Rfd1 b5 18. Qd4 Bc5 19. Qh4 d5 20. Ng4 Nxg4 21. Qxg4
Qg5 22. Qf4 Qxf4 23. Bxf4 Rfd8 24. Ne2 f6 25. Rac1 Bb6 26. b3 Rxc1 27. Rxc1 Rc8
28. Rxc8+ Bxc8 29. Bd6 Kf7 30. Nd4 Bd7 31. g4 e5 32. Nf5 Bxf5 33. gxf5 g6 34.
fxg6+ Kxg6 35. Bf8 h5 36. Kg2 Kg5 37. Bg7 d4 38. f4+ exf4 39. exf4+ Kf5 40. Kf3
Bc7 41. Bh6 d3 42. h4 d2 0-1

[Event "SR 2. liga A 2005/2006"]
[Site "?"]
[Date "2005.12.18"]
[Round "34.1"]
[White "Lanc, Alois"]
[Black "Meszaros, Michal"]
[Result "1-0"]
[WhiteElo "2445"]
[BlackElo "2354"]
[PlyCount "69"]
[EventDate "2005.??.??"]

1. e4 c5 2. Nf3 d6 3. d4 cxd4 4. Nxd4 Nf6 5. Nc3 a6 6. Be2 e5 7. Nb3 Be7 8. Be3
Be6 9. O-O Nbd7 10. a4 Rc8 11. a5 Rxc3 12. bxc3 Nxe4 13. Bf3 Nxc3 14. Qd3 Qc8
15. Bxb7 Qxb7 16. Qxc3 O-O 17. Nd2 d5 18. Bb6 Rc8 19. Qb2 Qc6 20. Rab1 Bf5 21.
Nf3 d4 22. Bxd4 exd4 23. Nxd4 Qf6 24. Nxf5 Qxf5 25. Qb7 Rb8 26. Qxa6 Qxc2 27.
Rxb8+ Nxb8 28. Qa8 Bd6 29. a6 Qc6 30. Qxc6 Nxc6 31. Rd1 Bf8 32. Rc1 Na7 33. Rc7
Nb5 34. Rb7 Nd6 35. Rb8 1-0

[Event "SR 2. liga A 2005/2006"]
[Site "?"]
[Date "2005.12.18"]
[Round "34.2"]
[White "Gasa, Andrej"]
[Black "Drtina, Milan"]
[Result "1/2-1/2"]
[WhiteElo "2212"]
[BlackElo "2259"]
[PlyCount "47"]
[EventDate "2005.??.??"]

1. e4 e5 2. Nf3 Nc6 3. Bb5 a6 4. Ba4 Nf6 5. O-O Be7 6. Re1 b5 7. Bb3 d6 8. c3
Na5 9. Bc2 c5 10. d4 Qc7 11. Nbd2 Nc6 12. d5 Nd8 13. Nf1 O-O 14. h3 Ne8 15. b3
f6 16. g4 Nf7 17. Ng3 g6 18. Nh2 Ng7 19. Bd2 Bd7 20. Qe2 Kh8 21. Nhf1 Rfb8 22.
Kg2 a5 23. a4 bxa4 24. bxa4 1/2-1/2

[Event "SR 2. liga A 2005/2006"]
[Site "?"]
[Date "2005.12.18"]
[Round "34.3"]
[White "Szitkey, Milan"]
[Black "Polasek, Filip"]
[Result "1-0"]
[WhiteElo "2220"]
[BlackElo "2068"]
[PlyCount "67"]
[EventDate "2005.??.??"]

1. e4 e5 2. Nf3 Nc6 3. Bb5 a6 4. Ba4 Nf6 5. d3 b5 6. Bb3 d6 7. Ng5 d5 8. exd5
Nd4 9. c4 Bg4 10. f3 Bh5 11. Ne4 Nxe4 12. dxe4 Qh4+ 13. Kf1 Bc5 14. Qe1 Qf6 15.
Qg3 Nxf3 16. gxf3 Qxf3+ 17. Qxf3 Bxf3 18. Rg1 Bxg1 19. Kxg1 Bxe4 20. Be3 O-O-O
21. Nc3 Bd3 22. cxb5 axb5 23. a4 Bc4 24. Bxc4 bxc4 25. a5 Kd7 26. a6 Ra8 27. a7
f5 28. Ra4 e4 29. Nb5 g5 30. Rxc4 Rhc8 31. Rc6 f4 32. Bd4 e3 33. Rh6 c5 34.
Rxh7+ 1-0

[Event "SR 2. liga A 2005/2006"]
[Site "?"]
[Date "2005.12.18"]
[Round "34.5"]
[White "Minich, Peter"]
[Black "Hanzluvka, Peter"]
[Result "0-1"]
[WhiteElo "2197"]
[BlackElo "2052"]
[PlyCount "42"]
[EventDate "2005.??.??"]

1. e4 c5 2. Nc3 d6 3. g3 Nf6 4. Bg2 Nc6 5. Nge2 g6 6. O-O Bg7 7. d3 O-O 8. f4
Rb8 9. h3 Nd4 10. Be3 Nd7 11. Rb1 b5 12. Qd2 b4 13. Nd1 a5 14. g4 e6 15. Ng3
Ba6 16. f5 Qh4 17. Ne2 Be5 18. Bf2 Qe7 19. Ne3 Qg5 20. Rfd1 exf5 21. gxf5 Nf3+
0-1

[Event "SR 2. liga A 2005/2006"]
[Site "?"]
[Date "2005.12.18"]
[Round "34.6"]
[White "Pericka, Tomas"]
[Black "Lukac, Roman"]
[Result "1/2-1/2"]
[WhiteElo "1945"]
[BlackElo "2143"]
[PlyCount "81"]
[EventDate "2005.??.??"]

1. e4 e5 2. f4 exf4 3. Nf3 g5 4. Bc4 Bg7 5. Nc3 d6 6. d3 h6 7. O-O Ne7 8. g3
Bh3 9. Rf2 fxg3 10. hxg3 Be6 11. Bxe6 fxe6 12. Be3 Nbc6 13. d4 d5 14. Ne5 Nxe5
15. dxe5 c6 16. exd5 cxd5 17. Ne4 Bxe5 18. Nc5 Nf5 19. Qh5+ Ke7 20. g4 Nd6 21.
Raf1 Qg8 22. Nxb7 Rb8 23. Nxd6 Kxd6 24. c4 d4 25. Rd1 Kc5 26. Bc1 Rf8 27. b4+
Kb6 28. Re2 Bf4 29. c5+ Kc7 30. Qh1 Bxc1 31. Rxc1 Rf4 32. Re4 Qa8 33. Rce1 Rhf8
34. Qxh6 Qd5 35. Qg7+ R8f7 36. Qg6 d3 37. Qxe6 Qxe6 38. Rxe6 Rxg4+ 39. Kh2 Rxb4
40. Rd6 Rg4 41. Kh3 1/2-1/2

[Event "SR 2. liga A 2005/2006"]
[Site "?"]
[Date "2005.12.18"]
[Round "34.7"]
[White "Nicolini, Alexander"]
[Black "Diviak, Rastislav"]
[Result "1-0"]
[WhiteElo "2133"]
[BlackElo "1945"]
[PlyCount "69"]
[EventDate "2005.??.??"]

1. e4 d6 2. d4 Nf6 3. Nc3 g6 4. Bg5 c6 5. Qd2 Bg7 6. Be2 Nbd7 7. Nf3 Qc7 8. O-O
O-O 9. a4 e5 10. Rad1 Re8 11. d5 c5 12. h3 Nf8 13. Qe3 Kh8 14. Nd2 a6 15. Nc4
Ng8 16. Qg3 f5 17. f4 h6 18. fxe5 hxg5 19. e6 f4 20. Qxg5 Bh6 21. Qh4 Kg7 22.
e5 dxe5 23. d6 Qb8 24. d7 Bxd7 25. exd7 Rd8 26. Nb6 Ra7 27. Ne4 Qc7 28. a5 Nxd7
29. Nd5 Qb8 30. Bg4 Nf8 31. Ne7 Rxd1 32. Rxd1 Nh7 33. Nxg8 Qxg8 34. Rd7+ Kh8
35. Qxh6 1-0

[Event "SR 2. liga A 2005/2006"]
[Site "?"]
[Date "2005.12.18"]
[Round "35.1"]
[White "Matejovic, Juraj"]
[Black "Polacik, Igor"]
[Result "1/2-1/2"]
[WhiteElo "2248"]
[BlackElo "2056"]
[PlyCount "48"]
[EventDate "2005.??.??"]

1. e4 e5 2. Nf3 Nc6 3. Bb5 a6 4. Bxc6 dxc6 5. O-O Bg4 6. h3 h5 7. d3 Qf6 8.
Nbd2 Ne7 9. Re1 Ng6 10. d4 Bd6 11. hxg4 hxg4 12. Nh2 Rxh2 13. Qxg4 Qh4 14. Qxh4
Rxh4 15. Nf3 Rh5 16. Be3 O-O-O 17. Rad1 Rdh8 18. g3 f5 19. Nxe5 Nxe5 20. dxe5
fxe4 21. Kf1 Bxe5 22. b3 Rh1+ 23. Ke2 R1h2 24. Rg1 Rf8 1/2-1/2

[Event "SR 2. liga A 2005/2006"]
[Site "?"]
[Date "2005.12.18"]
[Round "35.2"]
[White "Magyar, Frantisek"]
[Black "Hrivnak, Martin"]
[Result "1/2-1/2"]
[WhiteElo "1990"]
[BlackElo "2177"]
[PlyCount "81"]
[EventDate "2005.??.??"]

1. d4 Nf6 2. c4 d6 3. Nc3 Nbd7 4. e4 e5 5. d5 c5 6. g3 Be7 7. Bg2 O-O 8. Nge2
Ne8 9. O-O Rb8 10. a3 a6 11. a4 b6 12. Be3 Nc7 13. Qd3 Nf6 14. Rfe1 a5 15. h3
Nfe8 16. g4 g6 17. Ng3 Ng7 18. Rf1 f5 19. gxf5 gxf5 20. f4 Bh4 21. Bd2 fxe4 22.
Ncxe4 exf4 23. Bxf4 Nce8 24. Bh6 Rb7 25. Rxf8+ Kxf8 26. Rf1+ Rf7 27. Rxf7+ Kxf7
28. Qf3+ Kg8 29. Nh5 Qe7 30. Nxg7 Nxg7 31. Qf4 Nf5 32. Qg4+ Kh8 33. Bf4 Bd7 34.
Qh5 Ng7 35. Qd1 Nf5 36. Qb3 Bf6 37. Qxb6 Bd4+ 38. Kh2 Be5 39. Bxe5+ Qxe5+ 40.
Kh1 Bxa4 41. Qxa5 1/2-1/2

[Event "SR 2. liga A 2005/2006"]
[Site "?"]
[Date "2005.12.18"]
[Round "35.3"]
[White "Chovanec, Vladimir"]
[Black "Vrba, Michal"]
[Result "1/2-1/2"]
[WhiteElo "2111"]
[BlackElo "1968"]
[PlyCount "24"]
[EventDate "2005.??.??"]

1. Nf3 d5 2. g3 g6 3. Bg2 Bg7 4. O-O Nf6 5. d3 O-O 6. Nbd2 c6 7. c4 Re8 8. Qc2
a5 9. e4 dxe4 10. dxe4 Na6 11. a3 Qb6 12. Nb1 Nc5 1/2-1/2

[Event "SR 2. liga A 2005/2006"]
[Site "?"]
[Date "2005.12.18"]
[Round "35.4"]
[White "Lutter, Ladislav"]
[Black "Bednar, Jan"]
[Result "0-1"]
[WhiteElo "1961"]
[BlackElo "2175"]
[PlyCount "138"]
[EventDate "2005.??.??"]

1. d4 d5 2. c4 e6 3. Nc3 Nf6 4. Nf3 Be7 5. Bf4 c6 6. e3 O-O 7. Bd3 dxc4 8. Bxc4
Nd5 9. Bg3 Qa5 10. Rc1 b5 11. Bb3 Nxc3 12. bxc3 c5 13. O-O Bb7 14. Qe2 Nd7 15.
Rfd1 Nf6 16. Bc2 Be4 17. Bxe4 Nxe4 18. Qc2 Nxg3 19. hxg3 Rfd8 20. Ne5 Qc7 21.
Qe2 a6 22. f4 Rac8 23. Nd3 c4 24. Nf2 a5 25. g4 b4 26. g5 b3 27. Ra1 Ra8 28.
axb3 cxb3 29. c4 a4 30. Rdb1 Bb4 31. Qd3 Qd7 32. Ne4 Rdb8 33. Kf2 Be7 34. c5
Qb5 35. Qxb5 Rxb5 36. Nc3 Rb4 37. Ke2 a3 38. Kd3 f6 39. f5 Kf7 40. fxe6+ Kxe6
41. d5+ Ke5 42. d6 Bd8 43. Na2 Rbb8 44. Nc3 fxg5 45. Kc4 b2 46. Ra2 Ra5 47. Rd1
Rc8 48. Rd5+ Ke6 49. e4 Bb6 50. Nb1 Raxc5+ 51. Kb3 Rxd5 52. exd5+ Kxd6 53. Nxa3
Bd4 54. Nb1 Rc1 55. Ra6+ Kxd5 56. Ka2 g4 57. Ra5+ Ke4 58. Rg5 Kf4 59. Rb5 Kg3
60. Rb3+ Kxg2 61. Rb4 Rd1 62. Kb3 g3 63. Kc2 Rxb1 64. Rxd4 Rf1 65. Kxb2 Kf3 66.
Rd3+ Kg4 67. Rd4+ Kh3 68. Rd7 g2 69. Rxg7 g1=Q 0-1

[Event "SR 2. liga A 2005/2006"]
[Site "?"]
[Date "2005.12.18"]
[Round "35.5"]
[White "Lauf, Pavol"]
[Black "Kucera, Michal"]
[Result "1-0"]
[WhiteElo "2116"]
[BlackElo "1988"]
[PlyCount "78"]
[EventDate "2005.??.??"]

1. c4 e5 2. Nc3 Nf6 3. e3 Bb4 4. d4 e4 5. Nge2 O-O 6. a3 Bxc3+ 7. Nxc3 d6 8.
Be2 Re8 9. f4 exf3 10. Bxf3 Nc6 11. O-O Ne7 12. e4 h6 13. Be3 Ng6 14. Qd2 Bg4
15. Qf2 Bxf3 16. gxf3 c6 17. Kh1 Kh7 18. Rg1 Qe7 19. Rae1 Nh5 20. Rg4 Rg8 21.
Reg1 Rae8 22. Bd2 Nf6 23. R4g2 Nh5 24. f4 Nf6 25. f5 Nh8 26. Re1 g5 27. Qf3 Nd7
28. Reg1 f6 29. h4 Nf7 30. Qh5 Qf8 31. Rg4 b5 32. cxb5 cxb5 33. Nd5 a6 34. Rc1
Rc8 35. Rxc8 Qxc8 36. Qxf7+ Rg7 37. Nxf6+ Nxf6 38. Qxf6 Qc2 39. Rg2 Qxe4 1-0

[Event "SR 2. liga A 2005/2006"]
[Site "?"]
[Date "2005.12.18"]
[Round "35.6"]
[White "Nagy, Edmund"]
[Black "Stefan, Oldrich"]
[Result "1/2-1/2"]
[WhiteElo "1985"]
[BlackElo "2080"]
[PlyCount "72"]
[EventDate "2005.??.??"]

1. d4 Nf6 2. c4 g6 3. Nc3 d5 4. e3 Bg7 5. Nf3 O-O 6. Bd3 c5 7. O-O Nc6 8. h3
cxd4 9. exd4 dxc4 10. Bxc4 e6 11. Be3 Ne7 12. Rc1 Ned5 13. Bg5 Qa5 14. Ne5 Nxc3
15. bxc3 Nd5 16. Ng4 h5 17. Ne5 Qc7 18. Qe2 b6 19. Bd3 Ne7 20. Bf4 Qd8 21. Be4
Nd5 22. Qf3 Bb7 23. c4 Nxf4 24. Bxb7 Qxd4 25. Nxg6 fxg6 26. Bxa8 Nd3 27. Qe4
Qxe4 28. Bxe4 Nxc1 29. Rxc1 Bd4 30. Rc2 Kg7 31. Kf1 e5 32. f3 Rc8 33. a4 Rc5
34. Bd5 h4 35. Ke2 Kf6 36. Kd3 g5 1/2-1/2

[Event "SR 2. liga A 2005/2006"]
[Site "?"]
[Date "2005.12.18"]
[Round "35.7"]
[White "Bury, Rastislav"]
[Black "Priam, Stefan"]
[Result "1-0"]
[WhiteElo "2047"]
[BlackElo "1887"]
[PlyCount "69"]
[EventDate "2005.??.??"]

1. Nf3 Nf6 2. g3 g6 3. Bg2 Bg7 4. O-O O-O 5. d3 d5 6. Nbd2 Re8 7. c4 c6 8. Qc2
e5 9. e4 d4 10. Rb1 Nbd7 11. b4 c5 12. a3 b6 13. Nb3 Qe7 14. Ng5 h6 15. Nh3 Nf8
16. Bd2 Bd7 17. Qc1 Kh7 18. f4 Bg4 19. Nf2 Rac8 20. fxe5 Qxe5 21. Bf4 Qe6 22.
h3 g5 23. hxg4 gxf4 24. gxf4 cxb4 25. Nxd4 Qd7 26. Nf5 bxa3 27. g5 hxg5 28.
fxg5 Ng8 29. Qd1 Ne7 30. Qh5+ Kg8 31. Nxg7 Kxg7 32. Ng4 Qd4+ 33. Kh1 Nfg6 34.
Qh6+ Kg8 35. Nf6+ 1-0

[Event "SR 2. liga A 2005/2006"]
[Site "?"]
[Date "2005.12.18"]
[Round "35.8"]
[White "Orolin, Peter"]
[Black "Labar, Eduard"]
[Result "1/2-1/2"]
[WhiteElo "1900"]
[BlackElo "2061"]
[PlyCount "34"]
[EventDate "2005.??.??"]

1. e4 c6 2. d4 d5 3. Nc3 dxe4 4. Nxe4 Bf5 5. Ng3 Bg6 6. Nf3 Nd7 7. h4 h6 8. h5
Bh7 9. Bd3 Bxd3 10. Qxd3 Ngf6 11. Bd2 e6 12. O-O-O Qc7 13. c4 O-O-O 14. Ne4
Nxe4 15. Qxe4 Nf6 16. Qe2 Nd7 17. g3 c5 1/2-1/2

[Event "SR 2. liga A 2005/2006"]
[Site "?"]
[Date "2005.12.18"]
[Round "36.1"]
[White "Tepper, Frantisek"]
[Black "Pacher, Milan"]
[Result "1/2-1/2"]
[WhiteElo "2216"]
[BlackElo "2201"]
[PlyCount "37"]
[EventDate "2005.??.??"]

1. e4 c6 2. d4 d5 3. exd5 cxd5 4. Bd3 Nc6 5. c3 Nf6 6. Ne2 Bg4 7. h3 Bh5 8. Qb3
Qd7 9. Nf4 Bg6 10. Nxg6 hxg6 11. Be3 e6 12. Nd2 Be7 13. O-O-O a6 14. Kb1 b5 15.
Qc2 Rc8 16. Be2 Qb7 17. Rc1 a5 18. Qd3 b4 19. Qb5 1/2-1/2

[Event "SR 2. liga A 2005/2006"]
[Site "?"]
[Date "2005.12.18"]
[Round "36.2"]
[White "Oprea, Erik"]
[Black "Fabry, Robert"]
[Result "1/2-1/2"]
[WhiteElo "2144"]
[BlackElo "2198"]
[PlyCount "96"]
[EventDate "2005.??.??"]

1. e4 e5 2. d4 exd4 3. Nf3 Nc6 4. c3 d5 5. exd5 Qxd5 6. cxd4 Bg4 7. Be2 O-O-O
8. Nc3 Qa5 9. Be3 Nf6 10. O-O Bd6 11. h3 Bf5 12. Nd2 Be6 13. Nc4 Bxc4 14. Bxc4
Rhf8 15. a3 Qh5 16. Be2 Qf5 17. d5 Ne7 18. Bxa7 Nexd5 19. Nxd5 Qxd5 20. Qxd5
Nxd5 21. Bd4 Nf4 22. Bf3 f5 23. a4 Ne6 24. Bc3 Ng5 25. Be2 g6 26. a5 Ne4 27. a6
Nxc3 28. axb7+ Kxb7 29. bxc3 Kc6 30. Ra6+ Kd7 31. Re1 Rb8 32. g3 Rfe8 33. Ra2
Re5 34. Kf1 Ke7 35. Bd3 Rxe1+ 36. Kxe1 Kf6 37. Ke2 Re8+ 38. Kf3 Re5 39. Ra8 Rc5
40. c4 Re5 41. Ra6 Rc5 42. Ke3 Re5+ 43. Kf3 Rc5 44. Ra8 Re5 45. Kg2 Bc5 46.
Ra6+ Bb6 47. Ra2 Re7 48. Ra6 Re5 1/2-1/2

[Event "SR 2. liga A 2005/2006"]
[Site "?"]
[Date "2005.12.18"]
[Round "36.3"]
[White "Janos, Jozef"]
[Black "Eged, Igor"]
[Result "1-0"]
[WhiteElo "2227"]
[BlackElo "2107"]
[PlyCount "79"]
[EventDate "2005.??.??"]

1. c4 c5 2. Nc3 Nf6 3. g3 d5 4. cxd5 Nxd5 5. Bg2 Nxc3 6. bxc3 Qc7 7. Nf3 Nc6 8.
O-O e6 9. d3 Be7 10. Be3 O-O 11. Qc1 Bd7 12. a4 Rac8 13. Qb2 Na5 14. Nd2 Bc6
15. Bxc6 Nxc6 16. Nc4 Rcd8 17. a5 Rd5 18. Rfb1 Rb8 19. Bf4 e5 20. Be3 g5 21. f3
Nd8 22. Bf2 Qc8 23. Kg2 Ne6 24. Ne3 Rd8 25. c4 Nd4 26. Nd5 Qe6 27. e3 Nc6 28.
e4 Bf8 29. Qd2 h6 30. Rb5 f5 31. h3 Rd7 32. g4 fxe4 33. fxe4 Ne7 34. Bg3 Ng6
35. Qc3 Rf7 36. Rf1 Rxf1 37. Kxf1 h5 38. Qd2 Bh6 39. Qe2 h4 40. Bh2 {time} 1-0

[Event "SR 2. liga A 2005/2006"]
[Site "?"]
[Date "2005.12.18"]
[Round "36.5"]
[White "Mikulas, Dusan"]
[Black "Cambel, Vladimir"]
[Result "1-0"]
[WhiteElo "2148"]
[BlackElo "2080"]
[PlyCount "40"]
[EventDate "2005.??.??"]

1. e4 g6 2. d4 Bg7 3. Nc3 d6 4. f4 Nf6 5. Nf3 O-O 6. Bd3 Nbd7 7. O-O c5 8. dxc5
Nxc5 9. Qe1 Bd7 10. Qh4 Bc6 11. f5 gxf5 12. Bh6 Bxe4 13. Ng5 Bxd3 14. cxd3 e6
15. d4 Ncd7 16. Rf3 Ng4 17. Bxg7 Kxg7 18. Qxh7+ Kf6 19. Nd5+ exd5 20. Rxf5+ Ke7
1-0

[Event "SR 2. liga A 2005/2006"]
[Site "?"]
[Date "2005.12.18"]
[Round "36.6"]
[White "Zdrazil, Bohumir"]
[Black "Hecht, Tomas"]
[Result "1/2-1/2"]
[WhiteElo "1984"]
[BlackElo "1973"]
[PlyCount "108"]
[EventDate "2005.??.??"]

1. d4 Nf6 2. g3 e6 3. Bg2 d5 4. Nf3 c5 5. c3 Nc6 6. O-O Bd6 7. Re1 O-O 8. Nbd2
e5 9. dxe5 Nxe5 10. Nxe5 Bxe5 11. Nf3 Bc7 12. Bg5 Be6 13. Be3 Qe7 14. Qc2 h6
15. Rad1 Rfd8 16. Nh4 Ng4 17. Bc1 Qf6 18. e4 g5 19. Nf5 dxe4 20. Bxe4 Ne5 21.
Kg2 c4 22. Nd4 Bd5 23. Bxd5 Rxd5 24. Qf5 Qxf5 25. Nxf5 Rxd1 26. Rxd1 Kh7 27.
Be3 a6 28. f4 Nd3 29. fxg5 hxg5 30. b3 b5 31. Bd4 Re8 32. Ne3 Be5 33. Kf3 Bxd4
34. cxd4 Rc8 35. bxc4 bxc4 36. Nxc4 g4+ 37. Ke3 Nb4 38. Nd6 Rc2 39. d5 Rxa2 40.
Nxf7 Kg6 41. Ne5+ Kf5 42. Nxg4 Kxg4 43. Rd4+ Kf5 44. Rxb4 Ke5 45. Rd4 Rxh2 46.
d6 Rh8 47. d7 Rd8 48. Ra4 Rxd7 49. Rxa6 Kf5 50. Ra4 Kg5 51. Kf3 Rf7+ 52. Kg2
Rb7 53. Ra5+ Kg4 54. Ra4+ Kg5 1/2-1/2

[Event "SR 2. liga A 2005/2006"]
[Site "?"]
[Date "2005.12.18"]
[Round "36.7"]
[White "Milanov, Jasen"]
[Black "Hricak, Vasil"]
[Result "0-1"]
[WhiteElo "1988"]
[BlackElo "2032"]
[PlyCount "124"]
[EventDate "2005.??.??"]

1. c4 e5 2. Nc3 Nf6 3. g3 Bb4 4. Bg2 O-O 5. e3 Bxc3 6. bxc3 d5 7. cxd5 Nxd5 8.
Rb1 c6 9. Ne2 Re8 10. c4 Nf6 11. d3 Na6 12. O-O Nc5 13. d4 exd4 14. exd4 Nce4
15. Bb2 Bf5 16. Rc1 Qa5 17. f3 Ng5 18. Nc3 Bh3 19. Qd2 Bxg2 20. Kxg2 Qf5 21.
Rcd1 Rad8 22. Ne2 Qe6 23. Nc3 Rd7 24. Qxg5 Qxc4 25. Qd2 b5 26. Rf2 Red8 27. Ne4
Nxe4 28. fxe4 Qxa2 29. Qg5 Qe6 30. d5 Qxe4+ 31. Kg1 Qg6 32. Qe3 cxd5 33. Re1 h6
34. Qd4 f6 35. Rfe2 Qf7 36. Re6 Rc8 37. Qe3 Rcd8 38. Bd4 a5 39. Bc5 d4 40. Qb3
a4 41. Qxb5 d3 42. R6e3 d2 43. Rd1 Qh5 44. Qc4+ Kh8 45. Qc2 Rc8 46. Rc3 Rdc7
47. Rxd2 Rxc5 48. Rdd3 Rxc3 49. Rxc3 Rxc3 50. Qxc3 Qe8 51. Kf2 Qf8 52. Qc4 a3
53. Ke3 Qa8 54. Qa2 Qa5 55. g4 Qe5+ 56. Kf3 Qc3+ 57. Kf4 Qb2 58. Qc4 Qb1 59. g5
fxg5+ 60. Kg4 a2 61. Kh5 Kh7 62. h4 Qd1+ 0-1

[Event "SR 2. liga A 2005/2006"]
[Site "?"]
[Date "2005.12.18"]
[Round "36.8"]
[White "Vimmer, Michal"]
[Black "Janecek, Jan"]
[Result "0-1"]
[WhiteElo "1966"]
[BlackElo "1990"]
[PlyCount "184"]
[EventDate "2005.??.??"]

1. d4 d5 2. c4 e6 3. Nf3 Nf6 4. Bg5 Be7 5. Nc3 c6 6. e3 Nbd7 7. Bd3 O-O 8. O-O
h6 9. Bf4 Re8 10. h3 Bf8 11. Re1 g6 12. Qc2 Bg7 13. Rad1 Nh5 14. Bh2 f5 15. Be2
Nhf6 16. Ne5 Nxe5 17. Bxe5 Nd7 18. Bxg7 Kxg7 19. f4 h5 20. Bd3 Nf6 21. Qf2 Bd7
22. Rb1 Rh8 23. b4 a6 24. c5 Qe8 25. Na4 Qf7 26. Kh2 Ra7 27. Re2 Rd8 28. Qg3
Be8 29. Qh4 Rb8 30. Nb6 Nd7 31. g4 Qf6 32. Qxf6+ Kxf6 33. gxh5 gxh5 34. h4 Nxb6
35. cxb6 Raa8 36. a4 Bd7 37. Rg1 Rg8 38. Rg5 Rxg5 39. hxg5+ Kg6 40. Kg3 Rd8 41.
Rh2 Bc8 42. Be2 Rh8 43. Kh4 Rh7 44. Kg3 Rh8 45. Rh4 Rh7 46. Kf2 Rh8 47. Ke1 Rh7
48. Kd2 Rh8 49. Kc3 Rh7 50. Bd1 Rh8 51. a5 Rh7 52. b5 cxb5 53. Kb4 Bd7 54. Kc5
Bc6 55. Kd6 Rh8 56. Rh3 Rd8+ 57. Kxe6 Re8+ 58. Kd6 Rh8 59. Rh4 Rh7 60. Kc5 Rh8
61. Bf3 Rh7 62. Bxd5 Bxd5 63. Kxd5 Rh8 64. Kc5 Rd8 65. Kb4 Rd7 66. Rh2 Rf7 67.
Kc5 Re7 68. Kd5 Rf7 69. Rh3 b4 70. e4 b3 71. exf5+ Kxf5 72. Rg3 Kxf4 73. g6 Re7
74. g7 Rxg7 75. Rxb3 h4 76. Kd6 Ke4 77. Rb1 Rg8 78. Ke6 Rg7 79. Rh1 Rg8 80. Kd7
Rg7+ 81. Kc8 Rh7 82. Kb8 Kxd4 83. Rxh4+ Rxh4 84. Kxb7 Kc5 85. Kxa6 Kc6 86. Ka7
Rb4 87. Ka6 Rb2 88. b7 Rb5 89. Ka7 Rxb7+ 90. Ka8 Rc7 91. Kb8 Rb7+ 92. Kc8 Rb2
0-1

[Event "SR 2. liga A 2005/2006"]
[Site "?"]
[Date "2006.01.15"]
[Round "37.1"]
[White "Petrik, Stanislav"]
[Black "Skreno, Vladimir"]
[Result "0-1"]
[WhiteElo "2246"]
[BlackElo "2192"]
[PlyCount "60"]
[EventDate "2005.??.??"]

1. e4 c5 2. Nf3 Nc6 3. Bb5 g6 4. O-O Bg7 5. c3 Nf6 6. e5 Nd5 7. d4 cxd4 8. cxd4
O-O 9. Nc3 Nc7 10. Bf4 Nxb5 11. Nxb5 Qb6 12. Qd3 a6 13. Na3 d5 14. exd6 Nb4 15.
Qd2 Be6 16. dxe7 Rfe8 17. b3 Nd5 18. Nc4 Qa7 19. Bd6 b6 20. Rae1 Nxe7 21. Bxe7
Rxe7 22. Qb4 Rb7 23. Ne3 a5 24. Qb5 a4 25. d5 Bd7 26. Qd3 axb3 27. axb3 Qa5 28.
Nc4 Qb4 29. d6 Rba7 30. Qe3 Bb5 0-1

[Event "SR 2. liga A 2005/2006"]
[Site "?"]
[Date "2006.01.15"]
[Round "37.2"]
[White "Bisco, Igor"]
[Black "Biro, Karol"]
[Result "1-0"]
[WhiteElo "2110"]
[BlackElo "2172"]
[PlyCount "91"]
[EventDate "2005.??.??"]

1. e4 e6 2. d4 d5 3. Nc3 Bb4 4. e5 c5 5. a3 Bxc3+ 6. bxc3 Ne7 7. Nf3 b6 8. h4
h6 9. h5 Ba6 10. Bxa6 Nxa6 11. Qe2 Nb8 12. a4 Nd7 13. Rh4 Qc8 14. Bd2 Qc7 15.
Rg4 Nf5 16. Rf4 Ne7 17. Kf1 cxd4 18. Nxd4 Nxe5 19. Re1 Nc4 20. Bc1 e5 21. Nb5
Qd7 22. Rxc4 dxc4 23. Qxe5 O-O 24. Qxe7 Qf5 25. Nd4 Qxh5 26. Kg1 Rfe8 27. Qxe8+
Rxe8 28. Rxe8+ Kh7 29. Be3 Qa5 30. Re7 f6 31. g4 Qxc3 32. Nf5 Qxc2 33. Rxg7+
Kh8 34. Bd4 Qb1+ 35. Kg2 Qe4+ 36. Kg3 Qh1 37. Rg6 Qg1+ 38. Kf3 Qh1+ 39. Ke3
Qe1+ 40. Kf4 Qc1+ 41. Ne3 Kh7 42. Rxf6 Qd2 43. Ke4 c3 44. Rc6 Qxf2 45. Rxh6+
Kg8 46. Rg6+ 1-0

[Event "SR 2. liga A 2005/2006"]
[Site "?"]
[Date "2006.01.15"]
[Round "37.3"]
[White "Krajnak, Robert"]
[Black "Cvicela, Anton"]
[Result "0-1"]
[WhiteElo "2089"]
[BlackElo "2177"]
[PlyCount "102"]
[EventDate "2005.??.??"]

1. c4 Nf6 2. Nc3 c6 3. e4 e5 4. Nf3 d6 5. d4 Nbd7 6. Be2 Be7 7. O-O O-O 8. h3
Re8 9. Qc2 Qc7 10. d5 c5 11. a3 Bf8 12. b4 g6 13. Be3 b6 14. Rab1 a6 15. Nd2
Bg7 16. Rb2 h6 17. Rfb1 Nf8 18. Na4 N6d7 19. Bg4 Rb8 20. bxc5 bxc5 21. Rxb8
Nxb8 22. Bxc8 Rxc8 23. Nb6 Rd8 24. a4 Nbd7 25. a5 Rb8 26. Qa4 Nxb6 27. axb6
Rxb6 28. Rxb6 Qxb6 29. Kh2 Qb7 30. Nb3 Nd7 31. Na5 Qc8 32. Nc6 Kf8 33. Bd2 f5
34. f3 Nf6 35. exf5 gxf5 36. Ba5 e4 37. Nd8 Qd7 38. Ne6+ Kf7 39. Qc6 Qxc6 40.
Nd8+ Ke8 41. dxc6 Ng8 42. Ne6 Be5+ 43. f4 Bd4 44. Nc7+ Kf7 45. Nd5 Ke8 46. Kg3
Ne7 47. c7 Nc8 48. Kh4 Bf2+ 49. Kh5 e3 50. Nc3 Be1 51. Kxh6 e2 0-1